000 00511ntaaa2200193 4500
003 01
005 20251027202231.0
008 0714s1973 ag 01
040 _aAR-BaBN
_bspa
_cAR-BaBN
_eaacr
_dRIC
082 _a268.1000 So4
100 _aSolorzano, Esther
_920805
245 _aMi hogar
250 _a1 ed.
260 _aMéxico :
_bCasa Unida de Publicaciones,
_cc1953
300 _a64 p
500 _aCurso para escuelas bíblicas de vacaciones
650 _aescuela bíblica de vacaciones
942 _cBK
999 _c17182
_d17182